<?xml version="1.0" encoding="UTF-8"?>
<record
    xmlns:xsi="http://www.w3.org/2001/XMLSchema-instance"
    xsi:schemaLocation="http://www.loc.gov/MARC21/slim http://www.loc.gov/standards/marcxml/schema/MARC21slim.xsd"
    xmlns="http://www.loc.gov/MARC21/slim">

  <leader>01144nam0a22002411  4500</leader>
  <controlfield tag="001">rc\737012</controlfield>
  <controlfield tag="005">20260407024845.0</controlfield>
  <datafield tag="035" ind1=" " ind2=" ">
    <subfield code="a">(NLR Aleph) 006266917</subfield>
  </datafield>
  <datafield tag="090" ind1=" " ind2=" ">
    <subfield code="a">6908065</subfield>
    <subfield code="c">6908065</subfield>
  </datafield>
  <datafield tag="100" ind1=" " ind2=" ">
    <subfield code="a">20040301d1985    |||y0rusy50      ca</subfield>
  </datafield>
  <datafield tag="101" ind1="0" ind2=" ">
    <subfield code="a">rus</subfield>
  </datafield>
  <datafield tag="102" ind1=" " ind2=" ">
    <subfield code="a">RU</subfield>
  </datafield>
  <datafield tag="105" ind1=" " ind2=" ">
    <subfield code="a">y   |||||||||</subfield>
  </datafield>
  <datafield tag="200" ind1="1" ind2=" ">
    <subfield code="a">&#x420;&#x43E;&#x43B;&#x44C; &#x438;&#x43D;&#x442;&#x440;&#x43E;&#x434;&#x443;&#x43A;&#x446;&#x438;&#x438; &#x440;&#x430;&#x441;&#x442;&#x435;&#x43D;&#x438;&#x439; &#x432; &#x443;&#x432;&#x435;&#x43B;&#x438;&#x447;&#x435;&#x43D;&#x438;&#x438; &#x43F;&#x440;&#x43E;&#x438;&#x437;&#x432;&#x43E;&#x434;&#x441;&#x442;&#x432;&#x430; &#x43A;&#x43E;&#x440;&#x43C;&#x43E;&#x432;</subfield>
    <subfield code="e">&#x422;&#x435;&#x437;. &#x434;&#x43E;&#x43A;&#x43B;. &#x43D;&#x430;&#x443;&#x447;.-&#x442;&#x435;&#x445;&#x43D;. &#x441;&#x435;&#x43C;&#x438;&#x43D;&#x430;&#x440;&#x430;, &#x412;&#x438;&#x442;&#x435;&#x431;. &#x43E;&#x431;&#x43B;., &#x441;&#x43E;&#x432;&#x445;&#x43E;&#x437; "&#x421;&#x435;&#x43B;&#x44E;&#x442;&#x44B;", 4 &#x438;&#x44E;&#x43D;&#x44F; 1985 &#x433;.</subfield>
  </datafield>
  <datafield tag="210" ind1=" " ind2=" ">
    <subfield code="a">&#x41C;&#x438;&#x43D;&#x441;&#x43A;</subfield>
    <subfield code="c">&#x411;&#x435;&#x43B;&#x41D;&#x418;&#x418;&#x41D;&#x422;&#x418;</subfield>
    <subfield code="d">1985</subfield>
  </datafield>
  <datafield tag="215" ind1=" " ind2=" ">
    <subfield code="a">49 &#x441;.</subfield>
    <subfield code="d">20</subfield>
  </datafield>
  <datafield tag="300" ind1=" " ind2=" ">
    <subfield code="a">&#x412; &#x43D;&#x430;&#x434;&#x437;&#x430;&#x433;.: &#x426;&#x435;&#x43D;&#x442;&#x440;. &#x431;&#x43E;&#x442;&#x430;&#x43D;. &#x441;&#x430;&#x434; &#x410;&#x41D; &#x411;&#x421;&#x421;&#x420;, &#x41C;-&#x432;&#x43E; &#x441;&#x435;&#x43B;. &#x445;&#x43E;&#x437;-&#x432;&#x430; &#x411;&#x421;&#x421;&#x420;, &#x411;&#x435;&#x43B;&#x43E;&#x440;&#x443;&#x441;. &#x41D;&#x418;&#x418; &#x437;&#x435;&#x43C;&#x43B;&#x435;&#x434;&#x435;&#x43B;&#x438;&#x44F;, &#x411;&#x435;&#x43B;&#x43E;&#x440;&#x443;&#x441;. &#x41D;&#x418;&#x418; &#x436;&#x438;&#x432;&#x43E;&#x442;&#x43D;&#x43E;&#x432;&#x43E;&#x434;&#x441;&#x442;&#x432;&#x430;, &#x411;&#x435;&#x43B;&#x43E;&#x440;&#x443;&#x441;. &#x41D;&#x418;&#x418; &#x41D;&#x422;&#x418; &#x438; &#x442;&#x435;&#x445;&#x43D;.-&#x44D;&#x43A;&#x43E;&#x43D;. &#x438;&#x441;&#x441;&#x43B;&#x435;&#x434;. &#x413;&#x43E;&#x441;&#x43F;&#x43B;&#x430;&#x43D;&#x430; &#x411;&#x421;&#x421;&#x420;</subfield>
  </datafield>
  <datafield tag="712" ind1="0" ind2="2">
    <subfield code="a">&#x411;&#x43E;&#x442;&#x430;&#x43D;&#x438;&#x447;&#x435;&#x441;&#x43A;&#x438;&#x439; &#x441;&#x430;&#x434;</subfield>
    <subfield code="c">&#x41C;&#x438;&#x43D;&#x441;&#x43A;</subfield>
    <subfield code="3">RU\NLR\AUTH\8810010534</subfield>
    <subfield code="9">518729</subfield>
  </datafield>
  <datafield tag="801" ind1=" " ind2="0">
    <subfield code="a">RU</subfield>
    <subfield code="b">NLR</subfield>
    <subfield code="g">psbo</subfield>
  </datafield>
  <datafield tag="801" ind1=" " ind2="1">
    <subfield code="a">RU</subfield>
    <subfield code="b">ELAR</subfield>
    <subfield code="2">rusmarc</subfield>
  </datafield>
  <datafield tag="852" ind1=" " ind2=" ">
    <subfield code="a">NLR</subfield>
    <subfield code="j">85-4/30419</subfield>
  </datafield>
  <datafield tag="942" ind1=" " ind2=" ">
    <subfield code="c">BOOK</subfield>
  </datafield>
  <datafield tag="980" ind1=" " ind2=" ">
    <subfield code="a">NB</subfield>
  </datafield>
  <datafield tag="995" ind1=" " ind2=" ">
    <subfield code="5">2013-10-26</subfield>
    <subfield code="b">NLR01</subfield>
    <subfield code="c">NLR01</subfield>
    <subfield code="e">RF9</subfield>
    <subfield code="f">6266917-10</subfield>
    <subfield code="k">85-4/30419</subfield>
    <subfield code="o">0</subfield>
    <subfield code="r">BOOK</subfield>
    <subfield code="s">85430419_</subfield>
  </datafield>
</record>
